|
|
|
|
| LEADER |
00000nam a2200000 a 4500 |
| 001 |
UCT3954 |
| 003 |
CL-VaPUC |
| 008 |
961031e19450000VC |||||||||||||||||fre|d |
| 082 |
0 |
4 |
|a 708.56
|b VAT
|2 21
|
| 245 |
1 |
3 |
|a Le Vatican
|
| 300 |
|
|
|a 79 p
|
| 942 |
|
|
|c BK
|
| 945 |
|
|
|d 19961031 00:00:00
|a rleighto
|
| 260 |
|
|
|a Ciudad del Vaticano
|b Ecclesia
|c 1945
|
| 650 |
|
0 |
|a Museos de arte
|9 265235
|
| 650 |
|
7 |
|a BASILICA
|2 CL-VaPUC
|9 369490
|
| 650 |
|
7 |
|a GALERIAS DE ARTE
|2 CL-VaPUC
|9 373042
|
| 650 |
|
0 |
|a Pintura
|9 265046
|
| 650 |
|
0 |
|a Biblioteca
|9 373043
|
| 651 |
|
0 |
|a Vaticano
|9 314201
|
| 651 |
|
0 |
|a Italia
|9 254949
|
| 583 |
|
|
|a last modification
|c 19961031 00:00:00
|k Rodrigo Vera
|
| 999 |
|
|
|c 253448
|d 253446
|
| 952 |
|
|
|0 0
|1 0
|4 0
|6 708_560000000000000_VAT_1945
|7 0
|8 A
|9 274308
|a BIBARQ
|b BIBARQ
|d 2019-11-19
|i 3245462
|o 708.56 VAT 1945
|p 3245462
|r 2025-01-20
|w 2019-11-19
|y BK
|k ARQ
|